Halte des Fernverkehrs der Schweiz #3 - Statistiken

Allgemein
  • Dieses Quiz wurde 85 mal gespielt
  • Das Durchschnittsergebnis liegt bei 40 aus 60
Antwortstatistiken
Haltestellen % Korrekt
Genève
94%
Genève
94%
Genève
94%
Genève
94%
Bern
93%
Bern
93%
Bern
93%
Lausanne
87%
Lausanne
87%
Lausanne
87%
Luzern
83%
Brig
80%
Brig
80%
Genève-Aéroport
80%
Genève-Aéroport
80%
Genève-Aéroport
80%
Genève-Aéroport
80%
Sion
80%
Sion
80%
Biel/Bienne
78%
Fribourg/Freiburg
76%
Montreux
74%
Montreux
74%
Neuchâtel
74%
Neuchâtel
74%
Visp
74%
Visp
74%
Nyon
70%
Nyon
70%
Nyon
70%
Renens VD
69%
Vevey
69%
Vevey
69%
Martigny
65%
Martigny
65%
Morges
65%
Morges
65%
Morges
65%
Sierre/Siders
65%
Sierre/Siders
65%
La Chaux-de-Fonds
61%
Lyss
61%
Yverdon-les-Bains
61%
Aigle
57%
Aigle
57%
Leuk
56%
Romont FR
50%
St-Maurice
50%
Kerzers
48%
Sursee
48%
Zofingen
46%
Palézieux
43%
Gland
39%
Ins
39%
Bern Stöckacker
28%
Les Hauts-Geneveys
28%
Bern Brünnen Westside
26%
Bern Bümpliz Nord
26%
Chambrelien
26%
Les Geneveys-sur-Coffrane
26%
Keine übereinstimmenden Quizze gefunden
Verteilung der Resultate
Anzahl Personen mit jedem Resultat
Perzentil nach korrekt beantworteten Fragen
Ihre Resultats-Entwicklung
Sie haben dieses Quiz noch nicht gespielt